000 00790nam a22002177a 4500
999 _c20538
_d20538
003 AR-CdUCM
008 190531b ||||| |||| 00| 0 spa d
040 _aMUNICIPALIDAD PROVINCIAL DEL CUSCO
_cBIBLIOTECA MUNICIPAL DEL CUSCO
082 _a375.28 /
_bT11
100 _aTabra Chavez, Emilio
_942937
245 _aEvaluación estadística y orientación del educando /
260 _aLima :
_bEnsayos pedagógicos,
_c1970.
300 _a317 páginas ;
_c25 cm.
505 _aContenido : Concepto, principios y propósitos de la evaluación -- Mediciones del desarrollo físico -- La inteligencia y su medida...
650 _aEvaluaciones
_97871
650 _aInteligencia
_91764
650 _aFisico
_922978
650 _aMétodos de ayuda
_942938
942 _2ddc
_cLIBROS
945 _arcc